• 首页
  • 本馆介绍
  • 公告通知
  • 最新文献
  • 馆藏检索
  • 电子资源
  • 读者导购
  • 参考咨询
  • 我的图书馆
  • 登录
  • 详细信息显示
  • 放入我的书架
  • 预约/预借图书
  • 作者相关作品
  • 分类相关作品
  • 丛书相关作品
  • 出版社相关作品

书目信息

  • 表格格式
  • 工作单格式
  • 卡片格式
题名:
并行计算
    
 
作者: 陈国良 编著
分册:  
出版信息: 北京   高等教育出版社  2011
页数: 572页
开本: 24cm
丛书名: 并行计算系列丛书
单 册:
中图分类: TP338.6
科图分类:
主题词: 并行计算机--高等学校--教材
电子资源:
ISBN: 978-7-04-033742-6
000 01029oam2 2200277 450
001 0102260758
005 20120323103034.0
010    @a978-7-04-033742-6@dCNY56.00
100    @a20120117d2011 em y0chiy0120 ea
101 0  @achi
102    @aCN@b110000
105    @ay z 001yy
106    @ar
200 1  @a并行计算@9Bing Xing;Hang;Heng Ji Suan @e结构·算法·编程@f陈国良编著@b专著
210    @a北京@c高等教育出版社@d2011
215    @a572页@d24cm
225 2  @a并行计算系列丛书
300    @a面向21世纪课程教材 普通高等教育“十一五”国家级规划教材
330    @a本书以并行计算为主题,讨论并行计算的硬件基础,即当代并行计算机系统及其结构模型,并行计算的核心内容并行算法设计与并行数值算法,以及并行计算的软件支持并行程序和设计原理与方法等。
461  0 @1001002179734
517 1  @a结构·算法·编程@9jie gou · suan fa · bian cheng
606 0  @a并行计算机@x高等学校@j教材
690    @aTP338.6@v5
701  0 @a陈国良@f(1936~)@4编著@9chen guo liang
801  0 @aCN@bAZmarc@c20230902
905    @aBZT@dTP338@e5@f1@sTP338/5
    
    并行计算:结构·算法·编程/陈国良编著.-北京:高等教育出版社,2011
    572页;24cm.-(并行计算系列丛书)
    面向21世纪课程教材 普通高等教育“十一五”国家级规划教材
    
    ISBN 978-7-04-033742-6:CNY56.00
    本书以并行计算为主题,讨论并行计算的硬件基础,即当代并行计算机系统及其结构模型,并行计算的核心内容并行算法设计与并行数值算法,以及并行计算的软件支持并行程序和设计原理与方法等。
●
相关链接 在五车中查询图书 在当当中查询图书 在豆瓣中查询图书


正题名:并行计算     索取号:TP338/5         预约/预借

序号 登录号 条形码 馆藏地/架位号 状态 备注
1 2000010051   2000010051   旧书回溯/ [索取号:TP338/5] 在馆    
山东省滨州职业学院图书馆 欢迎您!
大连网信软件有限公司© 版权所有